Valuing a company using the income methods in conditions of Slovakia

Vytvorenie univerzálneho modelu pre hodnotenie firiem, pôsobiacich v ťažobnom priemysle na Slovensku. Model sa skladá z niekoľkých logicky súvisiacich krokov. Vývoj finančných ukazovateľov a aplikácia navrhovaného procesu vo vybranej banskej spoločnosti. Porovnanie výsledkov.

Saved in:
Bibliographic Details
Main Author: Zuzik, Jozef, 1985-
Other Authors: Weiss, Roland, 1984-, Weiss, Gabriel, Hudák, Matej, 1984-
Format: Book Chapter
Language:English
Subjects:
Tags: Add Tag
No Tags, Be the first to tag this record!

MARC

LEADER 00000nla a2200000 4500
001 0227354
005 20240502073739.7
041 0 |a eng 
044 |a SK 
245 1 0 |a Valuing a company using the income methods in conditions of Slovakia  |c Jozef Zuzik, Roland Weiss, Gabriel Weiss, Matej Hudák 
520 |a Vytvorenie univerzálneho modelu pre hodnotenie firiem, pôsobiacich v ťažobnom priemysle na Slovensku. Model sa skladá z niekoľkých logicky súvisiacich krokov. Vývoj finančných ukazovateľov a aplikácia navrhovaného procesu vo vybranej banskej spoločnosti. Porovnanie výsledkov. 
610 2 0 |a hospodárstvo podnikové 
610 2 0 |a metódy ekonomicko-matematické 
610 2 0 |a ukazovateľ EVA 
610 2 0 |a modely 
610 2 0 |a priemysel ťažobný 
610 2 0 |a Slovensko 
100 1 |a Zuzik, Jozef, 1985- 
700 1 |a Weiss, Roland, 1984- 
700 1 |a Weiss, Gabriel 
700 1 |a Hudák, Matej, 1984-